Výdaje na sociální péči - nové státy Evropské unie a Česká republika

Tendencie v nových štátoch Európskej únie v oblasti verejných výdavkov a príjmov. Výdavky na sociálnu starostlivosť. Funkčná klasifikácia výdavkov. Výdavky na sociálnu starostlivosť v Českej republike.

Na minha lista:
Detalhes bibliográficos
Autor principal: Izák, Vratislav
Outros Autores: Dufková, Eva
Formato: Capítulo de Livro
Idioma:tcheco
Assuntos:
Tags: Adicionar Tag
Sem tags, seja o primeiro a adicionar uma tag!

MARC

LEADER 00000naa$a2200000$$$4500
001 0052012
005 20231019130825.2
041 0 |a cze 
044 |a CZ 
245 1 0 |a Výdaje na sociální péči - nové státy Evropské unie a Česká republika  |c Vratislav Izák, Eva Dufková 
520 |a Tendencie v nových štátoch Európskej únie v oblasti verejných výdavkov a príjmov. Výdavky na sociálnu starostlivosť. Funkčná klasifikácia výdavkov. Výdavky na sociálnu starostlivosť v Českej republike. 
610 2 0 |a Česko 
610 2 0 |a náklady sociálne 
610 2 0 |a starostlivosť sociálna 
610 2 0 |a výdavky na potreby sociálne 
610 2 0 |a Európska únia 
610 2 0 |a politika sociálna 
610 2 0 |a výdavky verejné 
100 1 |a Izák, Vratislav 
700 1 |a Dufková, Eva